Evaluación de los riesgos laborales en la empresa montacargas y Accesorios de Nicaragua S,A
Presenta la Evaluación de los riesgos laborales en la empresa montacargas y Accesorios de Nicaragua S,A en cual se realizó la identificación de las fuentes de peligros, la valoración de los riesgos a los cuales está expuesto el personal y la elaboración de un mapa de riesgo que identifique el...
| Main Authors: | , |
|---|---|
| Other Authors: | |
| Format: | Tesis Section = Libro |
| Language: | Undetermined Spanish |
| Published: |
Managua
UNI
2017
|
| Subjects: |
| LEADER | 01224nam a2200277Ia 4500 | ||
|---|---|---|---|
| 008 | 240830s9999 xx 000 0 und d | ||
| 040 | |a BIBLIOTECA-RUPAP Mon 363.11 L864 | ||
| 041 | |a spa | ||
| 082 | |a Mon 363.11 L864 | ||
| 100 | 1 | |a López Mairena, Alixandra Paola | |
| 100 | 1 | |b Reyes Moncada, Diana celeste | |
| 245 | 1 | 0 | |a Evaluación de los riesgos laborales en la empresa montacargas y Accesorios de Nicaragua S,A |
| 260 | |a Managua |b UNI |c 2017 | ||
| 300 | |a 113 p. :il. | ||
| 500 | |a Contiene anexos y CD | ||
| 502 | |a Tesis (Ingeniero Industrial)- UNI, 2017. | ||
| 520 | 3 | |a Presenta la Evaluación de los riesgos laborales en la empresa montacargas y Accesorios de Nicaragua S,A en cual se realizó la identificación de las fuentes de peligros, la valoración de los riesgos a los cuales está expuesto el personal y la elaboración de un mapa de riesgo que identifique el tipo y nivel de peligro. | |
| 650 | 7 | |a EVALUACION DE RIESGOS LABORALES | |
| 650 | 7 | |b SEGURIDAD OCUPACIONAL | |
| 650 | 7 | |c RIESGOS PROFESIONALES | |
| 650 | 7 | |d ACCIDENTES DE TRABAJO - PREVENCION | |
| 650 | 7 | |e SEGURIDAD INDUSTRIAL | |
| 700 | 1 | |a Tutor: |b Fuentes Espinoza, Oscar Danilo | |
| 942 | |c BK |2 ddc | ||
| 991 | |a TESIS | ||
| 999 | |c 15461 | ||